000 00485nam a2200181Ia 4500
999 _c10715
_d10715
003 OSt
005 20191226133845.0
008 190216s9999||||xx |||||||||||||| ||und||
020 _a9788176111836
040 _coclc
082 _a339
_bGHA/M
100 _aGhadoliya, M K
_9792
245 0 _aMacroeconomics /
_c M K Ghadoliya
260 _bRbsa Pubshers,
_c2003.
_aJaipur:
300 _a421p
650 _aEconomics
942 _cBK
_2ddc
_h339
_iGHA/M
_k339
_mGHA/M